<?xml version="1.0" encoding="UTF-8"?>
<record
    xmlns:xsi="http://www.w3.org/2001/XMLSchema-instance"
    xsi:schemaLocation="http://www.loc.gov/MARC21/slim http://www.loc.gov/standards/marcxml/schema/MARC21slim.xsd"
    xmlns="http://www.loc.gov/MARC21/slim">

  <leader>00898nam a22002534i 4500</leader>
  <datafield tag="999" ind1=" " ind2=" ">
    <subfield code="c">8014</subfield>
    <subfield code="d">8014</subfield>
  </datafield>
  <controlfield tag="001">991061249050406706</controlfield>
  <controlfield tag="003">OSt</controlfield>
  <controlfield tag="005">20250116180757.0</controlfield>
  <controlfield tag="008">241202e202410  spc|||||||||||||| ||spa|c</controlfield>
  <datafield tag="020" ind1=" " ind2=" ">
    <subfield code="a">9788411660600</subfield>
  </datafield>
  <datafield tag="040" ind1=" " ind2=" ">
    <subfield code="a">ES-BaUOC</subfield>
    <subfield code="b">cat</subfield>
    <subfield code="e">rda</subfield>
    <subfield code="c">CDMR</subfield>
  </datafield>
  <datafield tag="100" ind1="1" ind2=" ">
    <subfield code="a">Garc&#xED;a Est&#xE9;vez, Noelia,</subfield>
  </datafield>
  <datafield tag="245" ind1="1" ind2="0">
    <subfield code="a">Deontolog&#xED;a publicitaria :</subfield>
    <subfield code="b">de la teor&#xED;a a la pr&#xE1;ctica : el uso responsable de la publicidad /</subfield>
    <subfield code="c">Noelia Garc&#xED;a Est&#xE9;vez, Inmaculada S&#xE1;nchez-Labella Mart&#xED;n, Elena Bellido-P&#xE9;rez</subfield>
  </datafield>
  <datafield tag="264" ind1=" " ind2="1">
    <subfield code="a">Barcelona :</subfield>
    <subfield code="b">Editorial UOC,</subfield>
    <subfield code="c">2024</subfield>
  </datafield>
  <datafield tag="300" ind1=" " ind2=" ">
    <subfield code="a">173 p&#xE0;gines ;</subfield>
    <subfield code="c">24 cm</subfield>
  </datafield>
  <datafield tag="490" ind1="1" ind2=" ">
    <subfield code="a">Comunicaci&#xF3;n ;</subfield>
    <subfield code="v">733</subfield>
  </datafield>
  <datafield tag="650" ind1=" " ind2="0">
    <subfield code="a">Publicitat</subfield>
    <subfield code="2">lemac</subfield>
    <subfield code="x">Aspectes &#xE8;tics i morals</subfield>
    <subfield code="9">166</subfield>
  </datafield>
  <datafield tag="700" ind1="1" ind2=" ">
    <subfield code="a">S&#xE1;nchez-Labella Mart&#xED;n, Inmaculada,</subfield>
  </datafield>
  <datafield tag="700" ind1="1" ind2=" ">
    <subfield code="a">Bellido-P&#xE9;rez, Elena,</subfield>
  </datafield>
  <datafield tag="830" ind1=" " ind2="0">
    <subfield code="a">Manuales (Editorial UOC).</subfield>
    <subfield code="p">Comunicaci&#xF3;n</subfield>
  </datafield>
  <datafield tag="908" ind1=" " ind2=" ">
    <subfield code="a">UOC</subfield>
  </datafield>
  <datafield tag="940" ind1=" " ind2=" ">
    <subfield code="a">UOC</subfield>
  </datafield>
  <datafield tag="942" ind1=" " ind2=" ">
    <subfield code="2">udc</subfield>
    <subfield code="c">MON</subfield>
  </datafield>
  <datafield tag="952" ind1=" " ind2=" ">
    <subfield code="0">0</subfield>
    <subfield code="1">0</subfield>
    <subfield code="4">0</subfield>
    <subfield code="7">0</subfield>
    <subfield code="a">CDMR</subfield>
    <subfield code="b">CDMR</subfield>
    <subfield code="d">2025-01-16</subfield>
    <subfield code="e">Donaci&#xF3;</subfield>
    <subfield code="g">19.00</subfield>
    <subfield code="l">0</subfield>
    <subfield code="o">Ci 1/69</subfield>
    <subfield code="p">CDMR25010003</subfield>
    <subfield code="r">2025-01-16</subfield>
    <subfield code="w">2025-01-16</subfield>
    <subfield code="y">MON</subfield>
  </datafield>
</record>
